[Event "NB I. Maroczy csoport"]
[Site "Nyiregyhaza"]
[Date "2023.10.29"]
[Round "3.3"]
[White "Soos, Arpad"]
[Black "Oros, Robert"]
[Result "1-0"]
[WhiteElo "2337"]
[BlackElo "2249"]
[PlyCount "105"]
[EventDate "2023.10.08"]
[EventType "team-tourn"]
[EventRounds "11"]
[EventCountry "HUN"]
[Source "chess.hu"]
[WhiteTeam "Neumann J. Egyetem"]
[BlackTeam "NYVSC "]
[WhiteTeamCountry "HUN"]
[BlackTeamCountry "HUN"]

1. e4 e5 2. Nf3 Nc6 3. Bc4 Bc5 4. c3 Nf6 5. d3 d6 6. O-O O-O 7. h3 Bb6 8. Bb3
Be6 9. Bc2 h6 10. Re1 Ne7 11. Nbd2 c6 12. Nf1 Ng6 13. Ng3 Re8 14. d4 Qc7 15.
Bb3 Rad8 16. d5 cxd5 17. exd5 Bc8 18. Be3 Nf4 19. Qd2 g5 20. h4 Ng4 21. hxg5
Nxe3 22. fxe3 hxg5 23. Nxg5 Qe7 24. Nf3 Bg4 25. Bd1 Qf6 26. Kf1 Ng6 27. Qf2 Nf4
28. Qc2 Nxd5 29. Qe4 Bxf3 30. Bxf3 Nxe3+ 31. Rxe3 Bxe3 32. Qxe3 d5 33. Kg1 e4
34. Be2 d4 35. Nxe4 Qe5 36. Qg3+ Qxg3 37. Nxg3 dxc3 38. bxc3 Re3 39. Bf3 Rxc3
40. Re1 Kf8 41. Re2 b5 42. Ne4 Rc1+ 43. Kh2 b4 44. Rf2 Rd5 45. Nd2 Rf5 46. Nb3
Rc6 47. g4 Rh6+ 48. Kg3 Re5 49. Nd4 a5 50. Rc2 Rd6 51. Nf5 Rd8 52. Kf4 Re6 53.
Bc6 1-0

[Event "NB I. Maroczy csoport"]
[Site "Nyiregyhaza"]
[Date "2023.10.29"]
[Round "3.5"]
[White "Marta, Dominik"]
[Black "Borsavolgyi, Tamas"]
[Result "0-1"]
[WhiteElo "2117"]
[BlackElo "2061"]
[PlyCount "94"]
[EventDate "2023.10.08"]
[EventType "team-tourn"]
[EventRounds "11"]
[EventCountry "HUN"]
[Source "chess.hu"]
[WhiteTeam "Neumann J. Egyetem"]
[BlackTeam "NYVSC "]
[WhiteTeamCountry "HUN"]
[BlackTeamCountry "HUN"]

1. d4 d5 2. c4 e6 3. Nc3 Be7 4. Nf3 Nf6 5. e3 O-O 6. Bd3 a6 7. b3 b6 8. O-O Bb7
9. cxd5 exd5 10. Qc2 Nbd7 11. Ne5 c5 12. Nxd7 Qxd7 13. Na4 Qd6 14. Ba3 Ng4 15.
g3 Qh6 16. h4 g5 17. Kg2 gxh4 18. Rh1 f5 19. Rxh4 Bxh4 20. Rh1 Qg6 21. Rxh4
Rae8 22. Nxb6 Nxe3+ 23. fxe3 Rxe3 24. Rh3 Qg4 25. Bf1 Rfe8 26. Bxc5 Re2+ 27.
Bxe2 Rxe2+ 28. Qxe2 Qxe2+ 29. Kg1 a5 30. Rh2 Qd1+ 31. Kg2 Ba6 32. Rh1 Qe2+ 33.
Kh3 Qg4+ 34. Kh2 Qe2+ 35. Kh3 Kg7 36. Nd7 Bc8 37. Ne5 Kf6 38. Bb6 f4+ 39. g4 h5
40. Bd8+ Kg7 41. Kh4 f3 42. g5 Qg2 43. Bf6+ Kf8 44. Ng6+ Kg8 45. Ne7+ Kf7 46.
g6+ Kxf6 47. Nxd5+ Kg7 0-1

[Event "NB I. Maroczy csoport"]
[Site "Nyiregyhaza"]
[Date "2023.10.29"]
[Round "3.6"]
[White "Egyed, Judit"]
[Black "Varasdy, Imre"]
[Result "1/2-1/2"]
[WhiteElo "2090"]
[BlackElo "2237"]
[PlyCount "58"]
[EventDate "2023.10.08"]
[EventType "team-tourn"]
[EventRounds "11"]
[EventCountry "HUN"]
[Source "chess.hu"]
[WhiteTeam "NYVSC "]
[BlackTeam "Neumann J. Egyetem"]
[WhiteTeamCountry "HUN"]
[BlackTeamCountry "HUN"]

1. e4 c6 2. d3 d5 3. Nd2 e5 4. Ngf3 Qc7 5. g3 Nf6 6. Bg2 h6 7. O-O Be6 8. Qe2
Nbd7 9. c3 Bd6 10. Re1 O-O 11. h3 Rfe8 12. g4 Rad8 13. Nh4 Bf8 14. Qf3 Nc5 15.
Bf1 Rd7 16. Nf5 Qd8 17. Nb3 a6 18. Nxc5 Bxc5 19. b4 Bf8 20. a3 c5 21. Be2 b5
22. bxc5 Bxc5 23. h4 Bxf5 24. gxf5 dxe4 25. dxe4 Qa8 26. Bd3 Qc6 27. Bc2 Rc7
28. Bb2 a5 29. Kg2 Rd8 1/2-1/2

[Event "NB I. Maroczy csoport"]
[Site "Nyiregyhaza"]
[Date "2023.10.29"]
[Round "3.7"]
[White "Czegledi, Zsolt"]
[Black "Egyed, Zsolt"]
[Result "1/2-1/2"]
[WhiteElo "2155"]
[BlackElo "2046"]
[PlyCount "144"]
[EventDate "2023.10.08"]
[EventType "team-tourn"]
[EventRounds "11"]
[EventCountry "HUN"]
[Source "chess.hu"]
[WhiteTeam "Neumann J. Egyetem"]
[BlackTeam "NYVSC "]
[WhiteTeamCountry "HUN"]
[BlackTeamCountry "HUN"]

1. d4 Nf6 2. c4 g6 3. Nc3 Bg7 4. e4 d6 5. f3 O-O 6. Be3 c5 7. Nge2 cxd4 8. Nxd4
Nc6 9. Qd2 Bd7 10. Rc1 Nxd4 11. Bxd4 Qa5 12. Be2 a6 13. Rb1 Qb4 14. a3 Qb3 15.
O-O Be6 16. Rfc1 Nd7 17. Bxg7 Kxg7 18. Qd4+ f6 19. Nd5 Bxd5 20. exd5 Qb6 21.
Qxb6 Nxb6 22. b3 Rac8 23. f4 Rc7 24. Re1 Rfc8 25. g3 f5 26. Bf3 Kf7 27. g4 Nd7
28. Re3 b5 29. gxf5 gxf5 30. Rbe1 Nf6 31. Kf2 bxc4 32. bxc4 Rb8 33. R1e2 Rbb7
34. Rc2 Rb1 35. Re1 Rb3 36. Re3 Rb1 37. h3 a5 38. Rec3 Rc5 39. Ke3 Re1+ 40. Re2
Rd1 41. Rd2 Re1+ 42. Re2 Rd1 43. Rec2 Re1+ 44. Kd2 Rg1 45. Rc1 Rxc1 46. Rxc1 e6
47. dxe6+ Kxe6 48. Kd3 Rc7 49. Bd5+ Nxd5 50. cxd5+ Kd7 51. Rg1 Rb7 52. Kc4 Rc7+
53. Kd4 Kc8 54. Rg8+ Kb7 55. Rf8 Kb6 56. Rxf5 Kb5 57. Rf6 Rc4+ 58. Kd3 Kc5 59.
Rf7 Ra4 60. Rxh7 Rxf4 61. Kc3 Rf3+ 62. Kb2 Kxd5 63. Rh5+ Kc4 64. Rxa5 Rf2+ 65.
Kc1 Rh2 66. Rg5 Rxh3 67. Kd2 Rxa3 68. Rg4+ Kc5 69. Rh4 d5 70. Rg4 d4 71. Rg8
Kc4 72. Rc8+ Kb4 1/2-1/2

[Event "NB I. Maroczy csoport"]
[Site "Nyiregyhaza"]
[Date "2023.10.29"]
[Round "3.8"]
[White "Blahota, Marcell"]
[Black "Lehocz, Jozsef Jr"]
[Result "1/2-1/2"]
[WhiteElo "2037"]
[BlackElo "2104"]
[PlyCount "79"]
[EventDate "2023.10.08"]
[EventType "team-tourn"]
[EventRounds "11"]
[EventCountry "HUN"]
[Source "chess.hu"]
[WhiteTeam "NYVSC "]
[BlackTeam "Neumann J. Egyetem"]
[WhiteTeamCountry "HUN"]
[BlackTeamCountry "HUN"]

1. d4 e6 2. c4 b6 3. Nc3 Bb7 4. e4 Bb4 5. Bd3 f5 6. Qe2 Nf6 7. Bg5 h6 8. Bxf6
Qxf6 9. a3 Be7 10. Nf3 O-O 11. O-O c5 12. Nb5 Nc6 13. d5 Ne5 14. Nxe5 Qxe5 15.
f4 Qf6 16. dxe6 dxe6 17. exf5 exf5 18. Bxf5 Qxf5 19. Qxe7 Rf7 20. Qe2 Rf6 21.
Rad1 Rg6 22. Nd6 Qd7 23. Nxb7 Qxb7 24. Rd5 Rf8 25. Qe4 Rgf6 26. g3 Qf7 27. Rfd1
Re6 28. Qd3 Qf6 29. Qc2 Rfe8 30. R5d2 Re1+ 31. Kf2 R1e4 32. Qd3 g5 33. Qd5+ Kh8
34. Qd6 Qxd6 35. Rxd6 gxf4 36. Rxh6+ Kg7 37. Rc6 R8e7 38. b3 Re2+ 39. Kf3 fxg3
40. Rg1 1/2-1/2

[Event "NB I. Maroczy csoport"]
[Site "Nyiregyhaza"]
[Date "2023.10.29"]
[Round "3.9"]
[White "Brandics, Jozsef"]
[Black "Ruboczki, Tibor"]
[Result "1-0"]
[WhiteElo "2165"]
[BlackElo "2002"]
[PlyCount "119"]
[EventDate "2023.10.08"]
[EventType "team-tourn"]
[EventRounds "11"]
[EventCountry "HUN"]
[Source "chess.hu"]
[WhiteTeam "Neumann J. Egyetem"]
[BlackTeam "NYVSC "]
[WhiteTeamCountry "HUN"]
[BlackTeamCountry "HUN"]

1. d4 Nf6 2. Bg5 d5 3. Bxf6 gxf6 4. e3 c6 5. c4 e6 6. Nc3 f5 7. g3 Nd7 8. cxd5
cxd5 9. Bb5 a6 10. Bxd7+ Bxd7 11. Nf3 Qb6 12. Qe2 Bb5 13. Nxb5 Qxb5 14. Qxb5+
axb5 15. Kd2 f6 16. Rhc1 Kd7 17. a3 Bd6 18. Ne1 Rhc8 19. Rxc8 Rxc8 20. Nd3 Rc4
21. b4 Rc8 22. Rc1 Rc4 23. f4 Rxc1 24. Nxc1 Kc6 25. Ne2 Bf8 26. Ke1 Bg7 27. Kf2
Kd6 28. Kg2 Kc6 29. Kh3 Kd6 30. Kh4 Bf8 31. Kh5 Bg7 32. h3 Bf8 33. g4 fxg4 34.
hxg4 Bg7 35. Ng3 Bf8 36. Ne2 Ke7 37. Ng1 Kd6 38. Nf3 Kd7 39. g5 Ke7 40. g6
hxg6+ 41. Kxg6 b6 42. Ng1 Kd7 43. Nh3 Be7 44. Nf2 f5 45. Kh5 Bf6 46. Nh3 Ke8
47. Ng5 Ke7 48. Kh6 Kd6 49. Kh7 Ke7 50. Kg8 Kd7 51. Nf3 Ke8 52. Kh7 Kf7 53.
Ng5+ Ke7 54. Kg6 Bh8 55. Nh7 Ke8 56. Nf6+ Kf8 57. Nd7+ Ke7 58. Nxb6 Kd6 59. a4
bxa4 60. Nxa4 1-0

[Event "NB I. Maroczy csoport"]
[Site "Nyiregyhaza"]
[Date "2023.10.29"]
[Round "3.10"]
[White "Kristofori, Attila"]
[Black "Csala, Imre"]
[Result "1-0"]
[WhiteElo "1968"]
[BlackElo "1953"]
[PlyCount "58"]
[EventDate "2023.10.08"]
[EventType "team-tourn"]
[EventRounds "11"]
[EventCountry "HUN"]
[Source "chess.hu"]
[WhiteTeam "NYVSC "]
[BlackTeam "Neumann J. Egyetem"]
[WhiteTeamCountry "HUN"]
[BlackTeamCountry "HUN"]

1. Nf3 Nf6 2. d4 g6 3. c4 Bg7 4. g3 O-O 5. Bg2 c6 6. O-O Ne4 7. Nc3 d5 8. cxd5
Nxc3 9. bxc3 cxd5 10. Qb3 Nc6 11. Nd2 e6 12. e4 Na5 13. Qc2 Re8 14. Re1 Bd7 15.
Nf1 Rc8 16. Be3 dxe4 17. Bxe4 b5 18. Qd3 Nc4 19. Rac1 Bc6 20. Nd2 Nxd2 21. Bxc6
Rxc6 22. Bxd2 a6 23. h4 Qd5 24. Qe4 Qxe4 25. Rxe4 Rec8 26. Rce1 Rd8 27. g4 b4
28. cxb4 Bxd4 29. Be3 f5 1-0

[Event "NB I. Maroczy csoport"]
[Site "Nyiregyhaza"]
[Date "2023.10.29"]
[Round "3.11"]
[White "Lehocz, Jozsef"]
[Black "Hurkovszkij, Vladyslav"]
[Result "1-0"]
[WhiteElo "1944"]
[BlackElo "1892"]
[PlyCount "74"]
[EventDate "2023.10.08"]
[EventType "team-tourn"]
[EventRounds "11"]
[EventCountry "HUN"]
[Source "chess.hu"]
[WhiteTeam "Neumann J. Egyetem"]
[BlackTeam "NYVSC "]
[WhiteTeamCountry "HUN"]
[BlackTeamCountry "HUN"]

1. d4 d5 2. Nc3 Nf6 3. Bf4 c6 4. e3 Bf5 5. Bd3 Bxd3 6. cxd3 e6 7. Nf3 Qb6 8.
Rb1 Nbd7 9. Ne5 Be7 10. O-O Nxe5 11. Bxe5 O-O 12. Na4 Qb5 13. Qc2 Nd7 14. b4
Nxe5 15. dxe5 f6 16. exf6 Rxf6 17. Nc5 Rh6 18. d4 Qb6 19. Nd3 Qc7 20. f4 Bd6
21. b5 Rc8 22. bxc6 bxc6 23. Nc5 Qa5 24. Nb7 Qc7 25. Rfc1 Bxf4 26. exf4 Qxf4
27. h3 Rf8 28. Rf1 Qxd4+ 29. Kh1 Rhf6 30. Rxf6 Rxf6 31. Qxc6 Qe4 32. Rg1 Qe2
33. Nc5 h6 34. Qa8+ Kh7 35. Nd7 Rf1 36. Nf8+ Kg8 37. Nxe6+ Kh7 1-0

[Event "NB I. Maroczy csoport"]
[Site "Nyiregyhaza"]
[Date "2023.10.29"]
[Round "3.12"]
[White "Gunyecz, Zoltan Dr"]
[Black "Balazs-Szalai, Renata"]
[Result "0-1"]
[WhiteElo "1886"]
[BlackElo "1863"]
[PlyCount "82"]
[EventDate "2023.10.08"]
[EventType "team-tourn"]
[EventRounds "11"]
[EventCountry "HUN"]
[Source "chess.hu"]
[WhiteTeam "NYVSC "]
[BlackTeam "Neumann J. Egyetem"]
[WhiteTeamCountry "HUN"]
[BlackTeamCountry "HUN"]

1. d4 d5 2. c4 c6 3. cxd5 cxd5 4. Nc3 Nc6 5. Nf3 Nf6 6. Bf4 a6 7. e3 Bg4 8. Qc2
e6 9. Ne5 Bd6 10. Nxc6 bxc6 11. Bxd6 Qxd6 12. Qa4 O-O 13. Bd3 Bf5 14. Bxf5 exf5
15. g3 Rfb8 16. b3 a5 17. Rc1 Nd7 18. O-O Nb6 19. Nb5 cxb5 20. Qxb5 Nc4 21. Qc5
Qxc5 22. dxc5 Ne5 23. Rfd1 Nc6 24. Rxd5 g6 25. Rc3 Kf8 26. Rd6 Rc8 27. h4 Ke7
28. Kf1 Ra7 29. Ke2 Nb4 30. a3 Na6 31. Rd5 Rc6 32. Re5+ Kf6 33. f4 Rac7 34. Rd3
Nxc5 35. Rc3 a4 36. b4 Nb3 37. Rxc6+ Rxc6 38. e4 Re6 39. Rxe6+ Kxe6 40. Kd3
fxe4+ 41. Kxe4 f5+ 0-1

[Event "NB I. Maroczy csoport"]
[Site "Miskolc"]
[Date "2023.10.29"]
[Round "3.1"]
[White "Smith, Bryan"]
[Black "Hajnal, Zoltan"]
[Result "1/2-1/2"]
[WhiteElo "2386"]
[BlackElo "2381"]
[PlyCount "52"]
[EventDate "2023.10.08"]
[EventType "team-tourn"]
[EventRounds "11"]
[EventCountry "HUN"]
[Source "chess.hu"]
[WhiteTeam "Dr.  Hetenyi Geza SK"]
[BlackTeam "DVTK I."]
[WhiteTeamCountry "HUN"]
[BlackTeamCountry "HUN"]

1. e4 e5 2. Nf3 Nc6 3. Bb5 a6 4. Ba4 Nf6 5. O-O Be7 6. Re1 b5 7. Bb3 d6 8. c3
O-O 9. h3 Bb7 10. d4 Re8 11. Nbd2 Bf8 12. a4 h6 13. Bc2 g6 14. axb5 axb5 15.
Rxa8 Bxa8 16. Bd3 b4 17. Bb5 bxc3 18. bxc3 Nd7 19. Qa4 Nb6 20. Qa2 Re7 21. d5
Nb8 22. Nc4 Nxc4 23. Bxc4 Nd7 24. Be3 c6 25. Ra1 Bb7 26. dxc6 Bxc6 1/2-1/2

[Event "NB I. Maroczy csoport"]
[Site "Miskolc"]
[Date "2023.10.29"]
[Round "3.2"]
[White "Fule, Simon"]
[Black "Jablonicky, Martin"]
[Result "1-0"]
[WhiteElo "2218"]
[BlackElo "2383"]
[PlyCount "97"]
[EventDate "2023.10.08"]
[EventType "team-tourn"]
[EventRounds "11"]
[EventCountry "HUN"]
[Source "chess.hu"]
[WhiteTeam "DVTK I."]
[BlackTeam "Dr.  Hetenyi Geza SK"]
[WhiteTeamCountry "HUN"]
[BlackTeamCountry "HUN"]

1. e4 e5 2. Nf3 Nc6 3. Bb5 Nd4 4. Nxd4 exd4 5. O-O Bc5 6. d3 c6 7. Ba4 Ne7 8.
Nd2 O-O 9. f4 a5 10. a3 f5 11. Bb3+ d5 12. e5 a4 13. Ba2 b5 14. Kh1 Be6 15. Nf3
Kh8 16. Bd2 Ng6 17. g3 Bg8 18. Bb4 Qb6 19. Qd2 Be7 20. Qf2 c5 21. Bd2 b4 22.
axb4 cxb4 23. Nxd4 Bc5 24. Be3 b3 25. Bb1 Rfc8 26. Nxf5 Bxe3 27. Qxe3 d4 28.
Nxd4 bxc2 29. Bxc2 Rd8 30. f5 Nf8 31. Rf4 Qxb2 32. Rb1 Bd5+ 33. Kg1 Qc3 34. e6
a3 35. Qe1 Qxe1+ 36. Rxe1 Rdc8 37. Bb3 a2 38. Ra1 Bxb3 39. Nxb3 Rab8 40. Nd2
Rc2 41. Nf1 h5 42. Ra4 g6 43. e7 Nd7 44. Rd4 Rc7 45. Rxa2 gxf5 46. Ne3 Kg7 47.
Nxf5+ Kf6 48. Rf2 Ne5 49. e8=Q 1-0

[Event "NB I. Maroczy csoport"]
[Site "Miskolc"]
[Date "2023.10.29"]
[Round "3.3"]
[White "Varga, Csaba Zoltan"]
[Black "Turcsanyi, Vince Gergo"]
[Result "1-0"]
[WhiteElo "2235"]
[BlackElo "2163"]
[PlyCount "117"]
[EventDate "2023.10.08"]
[EventType "team-tourn"]
[EventRounds "11"]
[EventCountry "HUN"]
[Source "chess.hu"]
[WhiteTeam "Dr.  Hetenyi Geza SK"]
[BlackTeam "DVTK I."]
[WhiteTeamCountry "HUN"]
[BlackTeamCountry "HUN"]

1. d4 Nf6 2. Nf3 e6 3. Bf4 d5 4. e3 Bd6 5. Bxd6 cxd6 6. c4 dxc4 7. Bxc4 O-O 8.
Nc3 b6 9. O-O Bb7 10. d5 e5 11. Rc1 Nbd7 12. b4 e4 13. Nd2 Qe7 14. Qe2 Rac8 15.
Ba6 Ne5 16. Bxb7 Qxb7 17. Ndxe4 Nxe4 18. Nxe4 Qxd5 19. Nc3 Qc4 20. Rfd1 d5 21.
b5 Rfd8 22. h3 h6 23. Qd2 Rc5 24. Qd4 Ng6 25. Qxc4 Rxc4 26. Ne2 Rdc8 27. Rxc4
dxc4 28. Nc3 Rc7 29. Rd8+ Nf8 30. Kf1 f6 31. Ke2 Kf7 32. Kd2 Ne6 33. Nd5 Rb7
34. Rd6 Nc5 35. f3 Rd7 36. Rxd7+ Nxd7 37. Kc3 Ke6 38. Nf4+ Kd6 39. Kxc4 g5 40.
Nd3 Nf8 41. g4 Ne6 42. Nf2 Nc7 43. Ne4+ Ke5 44. Ng3 Ne8 45. Nf5 h5 46. a4 hxg4
47. hxg4 Nc7 48. Ne7 Kd6 49. Nc8+ Ke5 50. Nxa7 Nd5 51. Nc6+ Kd6 52. Kd4 Nc7 53.
Nb4 Ne6+ 54. Kc4 Nc5 55. Nd3 Nb7 56. Nf2 Na5+ 57. Kb4 Nb7 58. Ne4+ Ke5 59. Nd2
1-0

[Event "NB I. Maroczy csoport"]
[Site "Miskolc"]
[Date "2023.10.29"]
[Round "3.4"]
[White "Gathi, Donat"]
[Black "Kormos, Adam"]
[Result "1-0"]
[WhiteElo "2184"]
[BlackElo "2208"]
[PlyCount "126"]
[EventDate "2023.10.08"]
[EventType "team-tourn"]
[EventRounds "11"]
[EventCountry "HUN"]
[Source "chess.hu"]
[WhiteTeam "DVTK I."]
[BlackTeam "Dr.  Hetenyi Geza SK"]
[WhiteTeamCountry "HUN"]
[BlackTeamCountry "HUN"]

1. e4 d6 2. d4 Nf6 3. Nc3 e5 4. Nf3 exd4 5. Nxd4 Be7 6. Bc4 O-O 7. O-O c6 8.
Re1 d5 9. exd5 cxd5 10. Bd3 Nc6 11. Nce2 Bd6 12. h3 Bd7 13. Be3 Qc8 14. Nxc6
bxc6 15. Bg5 Nh5 16. Nd4 Nf4 17. Bxf4 Bxf4 18. Qf3 Qc7 19. g3 Bd6 20. Bf5 Bc5
21. Nb3 Bxf5 22. Qxf5 Qxg3+ 23. Kf1 Qd6 24. c4 Bb4 25. Red1 Qe6 26. Nd4 Qxf5
27. Nxf5 Rfd8 28. cxd5 Rxd5 29. Rxd5 cxd5 30. Rd1 Rd8 31. Ne3 d4 32. Nc2 Bc5
33. b4 Bb6 34. a4 a6 35. a5 Ba7 36. Ke2 f5 37. Kd3 Rc8 38. Re1 Kf7 39. Kd2 Rc3
40. Re5 Rf3 41. Rd5 Rxf2+ 42. Kd1 Ke6 43. Rd8 f4 44. Ne1 f3 45. Nd3 Ra2 46. Ra8
Ra3 47. Kd2 Ra2+ 48. Ke1 Ra1+ 49. Kf2 Rd1 50. Nf4+ Ke5 51. Kxf3 Rf1+ 52. Ke2
Rxf4 53. Rxa7 Rf6 54. Rxg7 Rh6 55. Rg3 Ke4 56. Rb3 Rg6 57. b5 axb5 58. Rxb5
Rg2+ 59. Kf1 Ra2 60. Rb7 h5 61. Rb5 h4 62. Rh5 Ke3 63. Re5+ Kd2 1-0

[Event "NB I. Maroczy csoport"]
[Site "Miskolc"]
[Date "2023.10.29"]
[Round "3.5"]
[White "Dory, Jeno"]
[Black "Zambo, Zoltan Istvan"]
[Result "1/2-1/2"]
[WhiteElo "2169"]
[BlackElo "2288"]
[PlyCount "33"]
[EventDate "2023.10.08"]
[EventType "team-tourn"]
[EventRounds "11"]
[EventCountry "HUN"]
[Source "chess.hu"]
[WhiteTeam "Dr.  Hetenyi Geza SK"]
[BlackTeam "DVTK I."]
[WhiteTeamCountry "HUN"]
[BlackTeamCountry "HUN"]

1. e4 c5 2. Nf3 e6 3. c3 d5 4. exd5 exd5 5. d4 Nf6 6. Bb5+ Bd7 7. Qe2+ Qe7 8.
Bxd7+ Nbxd7 9. Qxe7+ Bxe7 10. Bg5 O-O 11. O-O Rfe8 12. Nbd2 c4 13. Rfe1 Bd6 14.
h3 h6 15. Bxf6 Nxf6 16. Kf1 Kf8 17. Rxe8+ 1/2-1/2

[Event "NB I. Maroczy csoport"]
[Site "Miskolc"]
[Date "2023.10.29"]
[Round "3.6"]
[White "Horvath, Kristof"]
[Black "Seres, Bela"]
[Result "1/2-1/2"]
[WhiteElo "2115"]
[BlackElo "2137"]
[PlyCount "78"]
[EventDate "2023.10.08"]
[EventType "team-tourn"]
[EventRounds "11"]
[EventCountry "HUN"]
[Source "chess.hu"]
[WhiteTeam "DVTK I."]
[BlackTeam "Dr.  Hetenyi Geza SK"]
[WhiteTeamCountry "HUN"]
[BlackTeamCountry "HUN"]

1. e4 c5 2. c3 d5 3. exd5 Qxd5 4. d4 g6 5. Nf3 Bg7 6. Nbd2 cxd4 7. Bc4 Qd8 8.
Nxd4 Nf6 9. O-O O-O 10. N2f3 Qc7 11. Qe2 a6 12. Bb3 Nc6 13. Nxc6 bxc6 14. Re1
e6 15. Be3 a5 16. Bc5 Rd8 17. Qe5 Qb7 18. Qg5 a4 19. Bc4 Ra5 20. Red1 Re8 21.
b4 axb3 22. axb3 h6 23. Qe3 Ng4 24. Qf4 Rxc5 25. Qxg4 Bxc3 26. Rac1 Bg7 27. Qg3
Qb6 28. Qd6 Bf8 29. Qd4 Bg7 30. Qd6 Bf6 31. Qf4 Rf5 32. Qxh6 c5 33. Rd3 Bb7 34.
Rcd1 Bxf3 35. Rxf3 Rd8 36. Rxd8+ Qxd8 37. Qe3 Bd4 38. Qe4 Kg7 39. Kf1 Qg5
1/2-1/2

[Event "NB I. Maroczy csoport"]
[Site "Miskolc"]
[Date "2023.10.29"]
[Round "3.7"]
[White "Bognar, Csaba Dr"]
[Black "Dobai, Szabolcs"]
[Result "1-0"]
[WhiteElo "2127"]
[BlackElo "2106"]
[PlyCount "65"]
[EventDate "2023.10.08"]
[EventType "team-tourn"]
[EventRounds "11"]
[EventCountry "HUN"]
[Source "chess.hu"]
[WhiteTeam "Dr.  Hetenyi Geza SK"]
[BlackTeam "DVTK I."]
[WhiteTeamCountry "HUN"]
[BlackTeamCountry "HUN"]

1. Nf3 c5 2. g3 b6 3. Bg2 Bb7 4. O-O Nf6 5. d3 d5 6. Nbd2 Qc7 7. Ng5 Nbd7 8. e4
h6 9. Nh3 dxe4 10. dxe4 e5 11. Qe2 Be7 12. Nc4 b5 13. Ne3 c4 14. Nf5 Bf8 15. f4
Qb6+ 16. Kh1 g6 17. fxe5 Nxe5 18. Be3 Qa6 19. Bd4 Nfd7 20. Ne3 Bg7 21. Nf4 O-O
22. Nfd5 Qd6 23. Rad1 Rfe8 24. Bxe5 Qxe5 25. Ng4 Qb8 26. Nc3 Bc6 27. Qf2 Rf8
28. Nd5 Bxd5 29. Rxd5 Qc7 30. e5 Rae8 31. Nf6+ Bxf6 32. exf6 Re5 33. Qf4 1-0

[Event "NB I. Maroczy csoport"]
[Site "Miskolc"]
[Date "2023.10.29"]
[Round "3.8"]
[White "Papp, Abel"]
[Black "Pervai, Laszlo"]
[Result "1-0"]
[WhiteElo "2153"]
[BlackElo "2047"]
[PlyCount "145"]
[EventDate "2023.10.08"]
[EventType "team-tourn"]
[EventRounds "11"]
[EventCountry "HUN"]
[Source "chess.hu"]
[WhiteTeam "DVTK I."]
[BlackTeam "Dr.  Hetenyi Geza SK"]
[WhiteTeamCountry "HUN"]
[BlackTeamCountry "HUN"]

1. e4 c5 2. Nf3 Nc6 3. Bb5 g6 4. Bxc6 dxc6 5. d3 Bg7 6. Nc3 e5 7. Be3 Qe7 8. h3
Nf6 9. Qd2 Nd7 10. O-O Nf8 11. Bh6 f6 12. Ne2 Ne6 13. Bxg7 Nxg7 14. c3 Be6 15.
d4 O-O-O 16. Qe3 Bc4 17. Rfd1 Bxe2 18. Qxe2 exd4 19. cxd4 Rhe8 20. dxc5 Rxd1+
21. Rxd1 Qxe4 22. Qd2 Qe7 23. b4 Rd8 24. Qc2 Rxd1+ 25. Qxd1 Qe6 26. Qd2 Nf5 27.
Qb2 Ne7 28. a4 Nd5 29. b5 Qe4 30. bxc6 bxc6 31. Qb3 Qb4 32. Qc2 Qc3 33. Qe2
Qxc5 34. Qe8+ Kc7 35. Qg8 Qe7 36. Qa8 Kd6 37. Qb8+ Kc5 38. Qb3 Qe4 39. Qb7 Qe7
40. Qb3 Qe4 41. Qb7 Qxa4 42. Qxh7 g5 43. Qf7 Kb6 44. Qe8 a5 45. Qb8+ Ka6 46.
Qa8+ Kb5 47. Qb7+ Kc4 48. Qa7 Kb3 49. Qc5 Ka2 50. Nd4 Qb4 51. Qc2+ Qb2 52. Qc4+
Kb1 53. Nxc6 Nf4 54. Qf1+ Ka2 55. Qc4+ Kb1 56. Nxa5 Qe5 57. Qb3+ Kc1 58. Qe3+
Qxe3 59. fxe3 Nd5 60. Nc4 Kc2 61. e4 Nc3 62. e5 fxe5 63. Nxe5 Ne4 64. Ng4 Nd2
65. Kf2 Kd3 66. Nf6 Kd4 67. Nh7 g4 68. hxg4 Ke5 69. Ke3 Nc4+ 70. Kf3 Nd6 71.
Kg3 Nf7 72. Kh4 Ke6 73. Ng5+ 1-0

[Event "NB I. Maroczy csoport"]
[Site "Miskolc"]
[Date "2023.10.29"]
[Round "3.9"]
[White "Kormos, Andras"]
[Black "Kovacs, Tamas"]
[Result "1-0"]
[WhiteElo "2071"]
[BlackElo "2088"]
[PlyCount "136"]
[EventDate "2023.10.08"]
[EventType "team-tourn"]
[EventRounds "11"]
[EventCountry "HUN"]
[Source "chess.hu"]
[WhiteTeam "Dr.  Hetenyi Geza SK"]
[BlackTeam "DVTK I."]
[WhiteTeamCountry "HUN"]
[BlackTeamCountry "HUN"]

1. c4 Nf6 2. Nf3 e6 3. b3 d5 4. Bb2 Nbd7 5. g3 Bd6 6. Nc3 O-O 7. Bg2 c6 8. d4
Ne4 9. Nxe4 dxe4 10. Nd2 f5 11. e3 Qe7 12. O-O c5 13. Qe2 e5 14. d5 Nf6 15. Bc3
Bd7 16. a4 Be8 17. f4 exf3 18. Qxf3 Bg6 19. Bh3 e4 20. Qd1 Nd7 21. Qe1 Qg5 22.
Ra2 Ne5 23. Bxe5 Bxe5 24. Bg2 h5 25. Nb1 Rf6 26. Nc3 Kf7 27. Nd1 Bd6 28. Nf2
Kg8 29. Nh3 Qh6 30. Nf4 Bf7 31. h4 g5 32. hxg5 Qxg5 33. Bh3 Kh7 34. Kg2 Rg8 35.
Qf2 Kh6 36. Kh1 b6 37. Kg1 Be5 38. Kh2 Qg7 39. Rh1 Qf8 40. Kg1 Qd6 41. Kf1 Bxf4
42. Qxf4+ Qxf4+ 43. gxf4 a6 44. Rg2 Kh7 45. Rxg8 Bxg8 46. Rg1 Bf7 47. Rg5 Bg6
48. Kf2 Rf7 49. Kg3 Kg7 50. Bf1 Kf6 51. Kh4 a5 52. Be2 Rh7 53. Bxh5 Bf7 54. d6
Be8 55. d7 Bxd7 56. Rg6+ Ke7 57. Rxb6 Kd8 58. Kg5 Rg7+ 59. Bg6 Kc7 60. Rf6 Rg8
61. Rf7 Kd6 62. Kf6 Rb8 63. Bxf5 Bxf5 64. Kxf5 Rxb3 65. Rf6+ Kd7 66. Kxe4 Rb5
67. Kd5 Rb4 68. Kxc5 Rxa4 1-0

[Event "NB I. Maroczy csoport"]
[Site "Miskolc"]
[Date "2023.10.29"]
[Round "3.10"]
[White "Kovacs, Kristof"]
[Black "Csonkics, Tunde"]
[Result "1/2-1/2"]
[WhiteElo "1884"]
[BlackElo "2004"]
[PlyCount "109"]
[EventDate "2023.10.08"]
[EventType "team-tourn"]
[EventRounds "11"]
[EventCountry "HUN"]
[Source "chess.hu"]
[WhiteTeam "DVTK I."]
[BlackTeam "Dr.  Hetenyi Geza SK"]
[WhiteTeamCountry "HUN"]
[BlackTeamCountry "HUN"]

1. Nf3 d5 2. g3 Nf6 3. Bg2 c6 4. O-O Bg4 5. b3 e6 6. Bb2 Nbd7 7. d3 Be7 8. Nbd2
O-O 9. e4 a5 10. a3 b5 11. h3 Bxf3 12. Qxf3 Qc7 13. Rfe1 a4 14. b4 Nb6 15. Rac1
Rfd8 16. Qe2 Rac8 17. e5 Ne8 18. c4 dxc4 19. dxc4 Qd7 20. Red1 Qd3 21. Qxd3
Rxd3 22. Bf1 Nxc4 23. Nxc4 Rxd1 24. Rxd1 bxc4 25. Rd4 c5 26. Rxc4 Rb8 27. Bc3
cxb4 28. Bxb4 Bxb4 29. Rxb4 Rxb4 30. axb4 a3 31. Bc4 Nc7 32. Kf1 Nb5 33. Ke2 a2
34. Bxa2 Nc3+ 35. Kd3 Nxa2 36. Ke4 Kf8 37. b5 Ke8 38. b6 Kd7 39. Kd4 Nc3 40.
Kc5 Kd8 41. b7 Kc7 42. b8=Q+ Kxb8 43. Kd6 Ne4+ 44. Ke7 Nxf2 45. Kxf7 Nxh3 46.
Kxe6 Kc8 47. Kf7 g6 48. e6 Ng5+ 49. Kf6 Ne4+ 50. Kg7 g5 51. Kxh7 g4 52. Kg6 Kd8
53. Kf7 Ng5+ 54. Kf6 Ne4+ 55. Kf7 1/2-1/2